| 000 | 00885nam a2200229 a 4500 | ||
|---|---|---|---|
| 001 | 56084 | ||
| 003 | BD-RjUL | ||
| 005 | 20211209080342.0 | ||
| 008 | 161126s1959 ii ||||| |||| 00| 0 ben d | ||
| 035 | _a(BD-RjUL)56208 | ||
| 040 |
_aBD-RjUL _bben _cBD-RjUL |
||
| 041 | _aben | ||
| 082 |
_223 _aB 891.4409 _bKUB 1959 |
||
| 100 |
_aকুমার, মদনমোহন _9143432 |
||
| 245 |
_aবাংলা সাহিত্যের আলোচনা / _cমদনমোহন কুমার |
||
| 250 | _a৩য় সং | ||
| 260 |
_aকলিকাতা : _bদাশগুপ্ত এন্ড কোং, _c১৯৫৯. |
||
| 300 |
_a৩১৯ পৃ. ; _c২১ সেমি. |
||
| 650 |
_aবাংলা সাহিত্য _xইতিহাস ও সমালোচনা _9166964 |
||
| 650 |
_aBangali Literature _yHistory and criticism _9166965 |
||
| 942 |
_2ddc _cBK |
||
| 999 |
_c56084 _d56084 |
||